000 00236 a2200097 4500
001 40123
100 _aHowe Robin
245 _aIlmi English Surple Grammar & composition
260 _aLahore
_bIlmi Kitab Khana
_c
090 _c25026
_d25026
942 _aNUST-CAE
_c
_c16699
999 _c275196
_d275196